Revisión del sistema educativo a la luz de la planificación del desarrollo de los recursos humanos del país.

保存先:
書誌詳細
第一著者: Muñoz Izquierdo, Carlos (autor)
その他の著者: Restrepo de Cepeda, Patricia (autor) (autor)
フォーマット: 図書
言語:スペイン語
主題:
タグ: タグ追加
タグなし, このレコードへの初めてのタグを付けませんか!

MARC

LEADER 00000cam^a2200000uu^4500
001 000459223
005 20250521000000.0
008 050901s1981^^^^^^^^^^^^rt^r^^000^0^spa^d
009 20260310124128.384
035 |a FCE 000001689 
035 |a FCE 006191 
037 |a Acervo ITESO - Biblioteca 
041 |a spa 
082 0 4 |a 379.15  |b MUÑr 
100 |a Muñoz Izquierdo, Carlos  |e (autor) 
245 1 0 |a Revisión del sistema educativo a la luz de la planificación del desarrollo de los recursos humanos del país. 
264 |a México :  |b CEE,  |c 1981. 
300 |a 84 p. 
336 |a texto  |b txt  |2 rdacontenido 
337 |a sin mediación  |b n  |2 rdamedio 
338 |a volumen  |b nc  |2 rdasoporte 
649 |a XX 
650 |a Educación superior 
650 |a Sistema educativo 
650 |a Educación media 
650 |a Recursos humanos 
650 |a Evaluación educativa 
650 |a Políticas de educación 
650 |a México 
700 |a Restrepo de Cepeda, Patricia  |e (autor) 
910 |a Fondo Centro de Estudios Educativos 
920 |a Impresos - Libros 
930 |a Fondos Especiales 
905 |a 133 
901 |a ALE006191  |b IT2  |c CEE  |u 20250521 
901 |a ALE045152  |b IT2  |c CEE  |u 20250521 
902 |a https://opac.biblio.iteso.mx/vufind/Record/000459223